00574nam a2200205 a 450000100060000000300090000600800410001502000150005604000280007108200140009910000280011324500500014125000100019126000230020130000100022465000540023465000510028894200120033999900170035124035CO-ViMGA141112s2004 ck r 000 u spa d a9706865381 aCO-ViMGAbspacCO-ViMGA04a537 S378e1 aSerway, Ibañez93495510aElectricidad y magnetismo / cIbañez Serway a6 ed. aMexico : bThomson a387p.14aELECTRICIDAD - PROBLEMAS, EJERCICIOS, ETC 93495614aMAGNETISMO - PROBLEMAS, EJERCICIOS, ETC934957 2ddccBK c32094d32094